Mathematical methods for physicists

Bibliographic Details
Main Author: Arfken, George
Format: Section = Libro
Language:Undetermined
Spanish
Published: New York Academic Press 1970
Edition:2a.ed.
Subjects:
LEADER 00448nam a2200181Ia 4500
008 240829s9999 xx 000 0 und d
040 |a BIBLIOTECA-RUSB/ 510 A685 
041 |a spa 
082 |a 510 A685 
100 1 |a Arfken, George 
245 1 0 |a Mathematical methods for physicists 
250 |a 2a.ed. 
260 |a New York  |b Academic Press  |c 1970 
300 |a 815 p. :il. 
650 7 |a FISICA MATEMATICA 
942 |c BK  |2 ddc 
991 |a TEXTO 
999 |c 1224